[Event "Lloyds Bank Masters 05th"]
[Site "London"]
[Date "1981.09.01"]
[Round "8"]
[White "Seirawan, Yasser"]
[Black "Gheorghiu, Florin"]
[Result "1/2-1/2"]
[WhiteElo "2565"]
[BlackElo "2580"]
[PlyCount "30"]
[EventDate "1981.08.25"]
[EventType "swiss"]
[EventRounds "9"]
[EventCountry "ENG"]
[SourceTitle "BritBase"]
[Source "John Saunders"]
[SourceDate "2023.12.16"]
[SourceVersion "1"]
[SourceVersionDate "2023.12.16"]
[SourceQuality "1"]

1. c4 c5 2. Nf3 Nf6 3. Nc3 b6 4. d4 cxd4 5. Nxd4 Bb7 6. f3 d6 7. e4 e6 8. Be2
Be7 9. O-O O-O 10. Be3 a6 11. Qe1 Nbd7 12. Qf2 Rc8 13. Rac1 Re8 14. Rfd1 Bf8
15. a3 Qc7 1/2-1/2

[Event "Lloyds Bank Masters 05th"]
[Site "London"]
[Date "1981.09.02"]
[Round "9"]
[White "Arkell, Keith C"]
[Black "Strauss, David Jonathan"]
[Result "0-1"]
[WhiteElo "2235"]
[BlackElo "2410"]
[PlyCount "72"]
[EventDate "1981.08.25"]
[EventType "swiss"]
[EventRounds "9"]
[EventCountry "ENG"]
[SourceTitle "BritBase"]
[Source "John Saunders"]
[SourceDate "2023.12.16"]
[SourceVersion "1"]
[SourceVersionDate "2023.12.16"]
[SourceQuality "1"]

1. e4 c5 2. f4 Nc6 3. Nf3 e6 4. Bb5 Nge7 5. O-O a6 6. Be2 g6 7. d3 Bg7 8. c3
O-O 9. Qe1 d6 10. Qh4 b5 11. f5 exf5 12. Bh6 f6 13. a4 b4 14. Nbd2 bxc3 15.
bxc3 Be6 16. Bxg7 Kxg7 17. Rab1 Qd7 18. d4 fxe4 19. Nxe4 Nf5 20. Qf4 cxd4 21.
g4 Ne3 22. Nxd6 Nd5 23. Qg3 Nxc3 24. Rbe1 Rad8 25. Bc4 Qxd6 26. Bxe6 d3 27.
Qxd6 Rxd6 28. Bb3 d2 29. Ra1 Nd4 30. Nxd4 Rxd4 31. h3 Re8 32. Bd1 Re1 33. Kg2
g5 34. a5 Rf4 35. Rg1 Rxg1+ 36. Kxg1 Re4 0-1

[Event "Lloyds Bank Masters 05th"]
[Site "London"]
[Date "1981.09.02"]
[Round "9"]
[White "Botterill, George Steven"]
[Black "Schlenker, Rainer"]
[Result "1-0"]
[WhiteElo "2415"]
[BlackElo "2225"]
[PlyCount "77"]
[EventDate "1981.08.25"]
[EventType "swiss"]
[EventRounds "9"]
[EventCountry "ENG"]
[SourceTitle "BritBase"]
[Source "John Saunders"]
[SourceDate "2023.12.16"]
[SourceVersion "1"]
[SourceVersionDate "2023.12.16"]
[SourceQuality "1"]

1. d4 g6 2. e4 Bg7 3. Nc3 d6 4. Nf3 c6 5. a4 Na6 6. Be2 Nc7 7. h3 Nh6 8. O-O
O-O 9. Re1 f6 10. Bf1 Nf7 11. Be3 e6 12. Qd2 Qe7 13. a5 e5 14. Bc4 Be6 15. d5
cxd5 16. Nxd5 Nxd5 17. Bxd5 Bxd5 18. Qxd5 Kh8 19. Ra4 Rac8 20. Rb4 Nd8 21. Rd1
Nc6 22. Rc4 Rfd8 23. a6 Qd7 24. axb7 Qxb7 25. Rd3 Qd7 26. Rdc3 Ne7 27. Qa5 Rxc4
28. Rxc4 Rc8 29. Rxc8+ Nxc8 30. Nd2 f5 31. f3 h6 32. Nc4 Kh7 33. Qd5 Qa4 34. b3
Qa1+ 35. Kh2 f4 36. Bg1 g5 37. Qb7 d5 38. exd5 e4 39. d6 {Source: Big Database
2020} 1-0

[Event "Lloyds Bank Masters 05th"]
[Site "London"]
[Date "1981.09.02"]
[Round "9"]
[White "Chandler, Murray G"]
[Black "Pagden, Michael Ashley"]
[Result "1-0"]
[WhiteElo "2530"]
[BlackElo "2290"]
[PlyCount "75"]
[EventDate "1981.08.25"]
[EventType "swiss"]
[EventRounds "9"]
[EventCountry "ENG"]
[SourceTitle "BritBase"]
[Source "John Saunders"]
[SourceDate "2023.12.16"]
[SourceVersion "1"]
[SourceVersionDate "2023.12.16"]
[SourceQuality "1"]

1. e4 g6 2. d4 Bg7 3. Nc3 d6 4. Nge2 Nf6 5. g3 O-O 6. Bg2 e5 7. h3 c6 8. a4
exd4 9. Nxd4 d5 10. exd5 cxd5 11. O-O Nc6 12. Be3 Be6 13. Re1 Qd7 14. Nxe6 fxe6
15. Bc5 Rfe8 16. Qd2 b6 17. Be3 Rac8 18. Rad1 Ne5 19. b3 Nf7 20. Nb5 a6 21. Na3
Qe7 22. Qc1 Nd6 23. Bxb6 Nfe4 24. c4 Qf7 25. Qc2 Rf8 26. Nb1 Nxc4 27. bxc4 Rxc4
28. Qe2 Rxa4 29. Bxe4 Rxe4 30. Qxa6 d4 31. Rf1 Qf5 32. Qd3 Rb8 33. Nd2 Re5 34.
Nc4 Qxd3 35. Rxd3 Rd5 36. Ra1 e5 37. Bc7 Rc8 38. Nb6 1-0

[Event "Lloyds Bank Masters 05th"]
[Site "London"]
[Date "1981.09.02"]
[Round "9"]
[White "Cummings, David H"]
[Black "Shamkovich, Leonid A"]
[Result "0-1"]
[WhiteElo "2310"]
[BlackElo "2500"]
[PlyCount "68"]
[EventDate "1981.08.25"]
[EventType "swiss"]
[EventRounds "9"]
[EventCountry "ENG"]
[SourceTitle "BritBase"]
[Source "John Saunders"]
[SourceDate "2023.12.16"]
[SourceVersion "1"]
[SourceVersionDate "2023.12.16"]
[SourceQuality "1"]

1. c4 Nf6 2. Nf3 e6 3. d4 c5 4. g3 cxd4 5. Nxd4 d5 6. Bg2 e5 7. Nc2 d4 8. O-O
Nc6 9. e3 d3 10. Ne1 e4 11. Nd2 Bf5 12. f3 exf3 13. Ndxf3 Qd7 14. Nh4 Be6 15.
Qa4 Rd8 16. Bd2 Ng4 17. Be4 Nge5 18. Rc1 Bc5 19. Nf5 O-O 20. Qb5 Bxf5 21. Rxf5
Qe7 22. Bd5 a6 23. Qb3 Ng4 24. Rf3 Nxe3 25. Kh1 Nxd5 26. cxd5 Nd4 27. Qxd3 Nxf3
28. Nxf3 Qd6 29. Qf5 Bb6 30. Qg4 Qxd5 31. Bh6 Bd4 32. Rd1 f5 33. Qf4 Qc6 34.
Bg5 Be5 0-1

[Event "Lloyds Bank Masters 05th"]
[Site "London"]
[Date "1981.09.02"]
[Round "9"]
[White "Gerbert, Philipp"]
[Black "Dlugy, Maxim"]
[Result "1-0"]
[WhiteElo "2245"]
[BlackElo "2350"]
[PlyCount "61"]
[EventDate "1981.08.25"]
[EventType "swiss"]
[EventRounds "9"]
[EventCountry "ENG"]
[SourceTitle "BritBase"]
[Source "John Saunders"]
[SourceDate "2023.12.16"]
[SourceVersion "1"]
[SourceVersionDate "2023.12.16"]
[SourceQuality "1"]

1. e4 c6 2. d4 d5 3. exd5 cxd5 4. c4 Nf6 5. Nc3 e6 6. Nf3 Be7 7. c5 O-O 8. b4
Ne4 9. Qc2 Nc6 10. Rb1 Bf6 11. Nxe4 dxe4 12. Qxe4 Nxd4 13. Bd3 Nxf3+ 14. Qxf3
Bc3+ 15. Ke2 Bf6 16. Rd1 Qc7 17. Kf1 e5 18. Be4 a5 19. b5 Be7 20. Be3 f5 21. b6
Qb8 22. c6 bxc6 23. Bxc6 e4 24. Qf4 Bb7 25. Bxb7 Qxb7 26. Qc7 Rab8 27. Rd7 Qa6+
28. Kg1 Rbc8 29. Qe5 Bf6 30. Qd5+ Kh8 31. b7 1-0

[Event "Lloyds Bank Masters 05th"]
[Site "London"]
[Date "1981.09.02"]
[Round "9"]
[White "Gheorghiu, Florin"]
[Black "Kraidman, Yair"]
[Result "1/2-1/2"]
[WhiteElo "2560"]
[BlackElo "2440"]
[PlyCount "134"]
[EventDate "1981.08.25"]
[EventType "swiss"]
[EventRounds "9"]
[EventCountry "ENG"]
[SourceTitle "BritBase"]
[Source "John Saunders"]
[SourceDate "2023.12.16"]
[SourceVersion "1"]
[SourceVersionDate "2023.12.16"]
[SourceQuality "1"]

1. d4 Nf6 2. c4 c5 3. d5 g6 4. Nc3 d6 5. e4 Bg7 6. Bd3 O-O 7. h3 e6 8. Nf3 exd5
9. exd5 Re8+ 10. Be3 Na6 11. O-O Nc7 12. a4 Nd7 13. Bf4 Ne5 14. Nxe5 dxe5 15.
Be3 Na6 16. Ne4 b6 17. a5 Bf5 18. axb6 axb6 19. f3 Nb4 20. Rxa8 Qxa8 21. Bb1
Bxe4 22. fxe4 Qa1 23. Bc2 Qxb2 24. Ba4 Rf8 25. d6 Qc3 26. Rf3 Qd3 27. Qxd3 Nxd3
28. Bg5 f6 29. d7 Nf4 30. Rxf4 exf4 31. Bxf4 Kf7 32. Bc7 Ke7 33. Bxb6 Rd8 34.
Bxc5+ Ke6 35. Bb6 Rxd7 36. Bxd7+ Kxd7 37. Bd4 Ke6 38. Kf2 Bf8 39. Ke3 Be7 40.
Kd3 h5 41. Ba7 Ba3 42. Kd4 Kd6 43. Bb8+ Kc6 44. e5 Bb2+ 45. Kd3 fxe5 46. Ke4
Kc5 47. Bxe5 Bc1 48. Kd3 Bg5 49. Bd4+ Kd6 50. Ke4 Bh6 51. Bb2 Kc5 52. Ba3+ Kxc4
53. Ke5 Bg5 54. Ke6 Kd3 55. Kf7 h4 56. Kxg6 Bd8 57. Kf5 Ke2 58. Kg4 Kf2 59. Bb4
Kxg2 60. Be1 Be7 61. Bxh4 Bb4 62. Bg3 Be7 63. Be1 Bd8 64. Bh4 Ba5 65. Bg5 Be1
66. Bf4 Bf2 67. Bd2 Bg3 {Source: bulletin. Mega Database 2022 has this game
down as Kraidman (white) vs Gheorghiu, but Andy Ansel says his record of it
shows the colours as Gheorghiu with White. The bulletin corroborates this.
This is much more likely as otherwise Kraidman would have had three whites in
the last three rounds.} 1/2-1/2

[Event "Lloyds Bank Masters 05th"]
[Site "London"]
[Date "1981.09.02"]
[Round "9"]
[White "Hebden, Mark L"]
[Black "Miles, Anthony John"]
[Result "1/2-1/2"]
[WhiteElo "2315"]
[BlackElo "2565"]
[PlyCount "46"]
[EventDate "1981.08.25"]
[EventType "swiss"]
[EventRounds "9"]
[EventCountry "ENG"]
[SourceTitle "BritBase"]
[Source "John Saunders"]
[SourceDate "2023.12.16"]
[SourceVersion "1"]
[SourceVersionDate "2023.12.16"]
[SourceQuality "1"]

1. e4 c5 2. f4 e6 3. Nf3 Nc6 4. Nc3 Nge7 5. d4 Nxd4 6. Nxd4 cxd4 7. Qxd4 Nc6 8.
Qf2 d5 9. Bd3 d4 10. Nb1 Nb4 11. O-O Bd7 12. Nd2 Rc8 13. Nb3 Nxd3 14. cxd3 Bb5
15. Qg3 f5 16. exf5 exf5 17. Bd2 Kf7 18. Rae1 g6 19. Re5 Bc6 20. Qf2 Bg7 21.
Nxd4 Bd5 22. Bc3 Qd7 23. Rfe1 Rhe8 1/2-1/2

[Event "Lloyds Bank Masters 05th"]
[Site "London"]
[Date "1981.09.02"]
[Round "9"]
[White "Jackson, Sheila"]
[Black "Martin, Andrew D"]
[Result "1-0"]
[WhiteElo "2165"]
[BlackElo "2345"]
[PlyCount "59"]
[EventDate "1981.08.25"]
[EventType "swiss"]
[EventRounds "9"]
[EventCountry "ENG"]
[SourceTitle "BritBase"]
[Source "John Saunders"]
[SourceDate "2023.12.16"]
[SourceVersion "1"]
[SourceVersionDate "2023.12.16"]
[SourceQuality "1"]

1. e4 e6 2. d4 d5 3. Nd2 Nf6 4. e5 Nfd7 5. Bd3 c5 6. c3 b6 7. Ne2 Ba6 8. Bxa6
Nxa6 9. O-O Nc7 10. f4 f5 11. exf6 Qxf6 12. Nf3 Bd6 13. Ne5 Bxe5 14. fxe5 Qe7
15. Qa4 c4 16. b3 b5 17. Qa5 Nb6 18. Ba3 Qd7 19. Rf3 b4 20. Qxb4 O-O-O 21. Raf1
Qb5 22. Rf7 Rd7 23. Qxb5 Nxb5 24. Rxd7 Nxd7 25. Bb4 cxb3 26. axb3 Nc7 27. Rf7
Rg8 28. Nf4 Nb8 29. Re7 a5 30. Bd6 1-0

[Event "Lloyds Bank Masters 05th"]
[Site "London"]
[Date "1981.09.02"]
[Round "9"]
[White "Keene, Raymond Dennis"]
[Black "Seirawan, Yasser"]
[Result "1/2-1/2"]
[WhiteElo "2475"]
[BlackElo "2565"]
[PlyCount "66"]
[EventDate "1981.08.25"]
[EventType "swiss"]
[EventRounds "9"]
[EventCountry "ENG"]
[SourceTitle "BritBase"]
[Source "John Saunders"]
[SourceDate "2023.12.16"]
[SourceVersion "1"]
[SourceVersionDate "2023.12.16"]
[SourceQuality "1"]

1. d4 d6 2. c4 e5 3. Nc3 g6 4. e4 Nc6 5. d5 Nce7 6. Nf3 Bg7 7. Be2 f5 8. exf5
Nxf5 9. Ne4 Nf6 10. Nfg5 O-O 11. Nxf6+ Qxf6 12. O-O b6 13. Bg4 Bh6 14. Ne6 Bxe6
15. Bxh6 Nxh6 16. Bxe6+ Kg7 17. Qa4 Qe7 18. Rae1 a5 19. Re4 Nf7 20. Qa3 Rae8
21. Bxf7 Rxf7 22. Qe3 Ref8 23. f3 g5 24. Rg4 Rf4 25. g3 Rxg4 26. fxg4 Rxf1+ 27.
Kxf1 Qf6+ 28. Ke2 Qg6 29. Qd3 Qh6 30. Qf5 Qxh2+ 31. Kf1 Qh1+ 32. Kf2 Qh2+ 33.
Kf1 Qh1+ 1/2-1/2

[Event "Lloyds Bank Masters 05th"]
[Site "London"]
[Date "1981.09.02"]
[Round "9"]
[White "Kinlay, Jonathan"]
[Black "Freeman, Michael Joseph"]
[Result "1-0"]
[WhiteElo "2265"]
[BlackElo "2090"]
[PlyCount "67"]
[EventDate "1981.08.25"]
[EventType "swiss"]
[EventRounds "9"]
[EventCountry "ENG"]
[SourceTitle "BritBase"]
[Source "John Saunders"]
[SourceDate "2023.12.16"]
[SourceVersion "1"]
[SourceVersionDate "2023.12.16"]
[SourceQuality "1"]

1. e4 c6 2. d4 d5 3. e5 Bf5 4. Nc3 e6 5. g4 Bg6 6. Nge2 f6 7. Nf4 fxe5 8. dxe5
Bf7 9. h4 Nd7 10. Nd3 h5 11. Bg5 Qa5 12. Bd2 Qc7 13. f4 hxg4 14. Qxg4 Nh6 15.
Qg1 Nf5 16. O-O-O O-O-O 17. Qxa7 Rxh4 18. Rxh4 Nxh4 19. Na4 Qb8 20. Qf2 Qa8 21.
Nb6+ Nxb6 22. Qxb6 Qxa2 23. Ba5 Rd7 24. Qa7 Rc7 25. Qa8+ Kd7 26. Qxf8 Qa1+ 27.
Kd2 Qxa5+ 28. b4 Nf3+ 29. Ke3 Qa3 30. Qxf7+ Kd8 31. Qf8+ Kd7 32. Qxg7+ Kd8 33.
Qf8+ Kd7 34. Kxf3 1-0

[Event "Lloyds Bank Masters 05th"]
[Site "London"]
[Date "1981.09.02"]
[Round "9"]
[White "Ligterink, Gert"]
[Black "Nokes, Roger I"]
[Result "1/2-1/2"]
[WhiteElo "2450"]
[BlackElo "2310"]
[PlyCount "95"]
[EventDate "1981.08.25"]
[EventType "swiss"]
[EventRounds "9"]
[EventCountry "ENG"]
[SourceTitle "BritBase"]
[Source "John Saunders"]
[SourceDate "2023.12.16"]
[SourceVersion "1"]
[SourceVersionDate "2023.12.16"]
[SourceQuality "1"]

1. d4 Nf6 2. c4 c5 3. d5 e6 4. Nc3 exd5 5. cxd5 d6 6. Nf3 g6 7. g3 Bg7 8. Bg2
O-O 9. O-O a6 10. a4 Re8 11. Bf4 Nh5 12. Bg5 Qc7 13. h3 Nd7 14. Qd2 Rb8 15. Bh6
Bh8 16. e4 b5 17. axb5 axb5 18. Rfe1 b4 19. Nd1 Bb7 20. Ng5 Nb6 21. Ne3 Ra8 22.
Rxa8 Rxa8 23. g4 Nf6 24. f4 Nfd7 25. e5 dxe5 26. f5 Nf6 27. fxg6 hxg6 28. Rf1
Rd8 29. Rxf6 Bxf6 30. Ne4 Bh8 31. Qf2 Nd7 32. Nf5 gxf5 33. gxf5 Nf6 34. Qg3+
Kh7 35. Qh4 Nxe4 36. Bg5+ Kg8 37. Bxd8 Qd6 38. Bxe4 f6 39. Ba5 Qa6 40. Qh5 Bg7
41. Qe8+ Kh7 42. Qh5+ Kg8 43. Qe8+ Kh7 44. Qh5+ Kg8 45. d6 Bxe4 46. d7 Qxa5 47.
Qe8+ Kh7 48. Kh2 {Source: Gert Ligterink (the game did not appear in the
bulletin. chessgames.com gives game end after 47...Kh7)} 1/2-1/2

[Event "Lloyds Bank Masters 05th"]
[Site "London"]
[Date "1981.09.02"]
[Round "9"]
[White "O'Brien, Richard W"]
[Black "Shutler, Stephen J"]
[Result "0-1"]
[WhiteElo "2070"]
[BlackElo "2185"]
[PlyCount "58"]
[EventDate "1981.08.25"]
[EventType "swiss"]
[EventRounds "9"]
[EventCountry "ENG"]
[SourceTitle "BritBase"]
[Source "John Saunders"]
[SourceDate "2023.12.16"]
[SourceVersion "1"]
[SourceVersionDate "2023.12.16"]
[SourceQuality "1"]

1. e4 c5 2. Nf3 Nc6 3. d4 cxd4 4. Nxd4 Nf6 5. Nc3 e5 6. Ndb5 d6 7. Bg5 a6 8.
Na3 b5 9. Bxf6 gxf6 10. Nd5 f5 11. c3 fxe4 12. Nc2 Bg7 13. a4 Rb8 14. axb5 axb5
15. b4 O-O 16. Na3 Na7 17. c4 bxc4 18. Nxc4 Nc6 19. b5 Rxb5 20. Nc3 Rb7 21.
Qxd6 Nb4 22. O-O-O Qg5+ 23. Ne3 Be6 24. h4 Qh6 25. Bb5 Na2+ 26. Nxa2 Rxb5 27.
Nb4 Rc8+ 28. Nbc2 Bf8 29. Qa6 Rxc2+ 0-1

[Event "Lloyds Bank Masters 05th"]
[Site "London"]
[Date "1981.09.02"]
[Round "9"]
[White "Povah, Nigel Edward"]
[Black "Jordan, William J (Bill)"]
[Result "1-0"]
[WhiteElo "2375"]
[BlackElo "2205"]
[PlyCount "121"]
[EventDate "1981.08.25"]
[EventType "swiss"]
[EventRounds "9"]
[EventCountry "ENG"]
[SourceTitle "BritBase"]
[Source "John Saunders"]
[SourceDate "2023.12.16"]
[SourceVersion "1"]
[SourceVersionDate "2023.12.16"]
[SourceQuality "1"]

1. c4 c5 2. Nf3 g6 3. d4 Bg7 4. g3 cxd4 5. Nxd4 Qb6 6. Nc2 Qc6 7. Qd5 Nf6 8.
Qxc6 dxc6 9. Bg2 O-O 10. Nc3 Be6 11. b3 Rd8 12. Bb2 Na6 13. h3 h5 14. Rd1 Rxd1+
15. Nxd1 Rd8 16. Nd4 Nb4 17. a3 Rxd4 18. axb4 Rd8 19. Ne3 h4 20. gxh4 Nh5 21.
Bxg7 Kxg7 22. Ng4 Nf4 23. Bf3 b5 24. Ne3 bxc4 25. bxc4 Rb8 26. Kd2 Rxb4 27. Kc3
Rb6 28. Nc2 c5 29. Ra1 a6 30. Ra5 Nxh3 31. Rxc5 Nxf2 32. Rc7 Rd6 33. c5 Nd1+
34. Kb4 Rd2 35. Ne1 Rb2+ 36. Ka5 Bc4 37. Rb7 Ra2+ 38. Kb6 Nc3 39. c6 Nb5 40.
Nd3 Kf6 41. Nb4 Rb2 42. Kc5 Be6 43. Nxa6 Bc8 44. Rxb5 Rxb5+ 45. Kxb5 Ke5 46.
Kb6 Kd6 47. Nc5 e5 48. Nb7+ Ke7 49. Kc7 Bh3 50. Nd6 Be6 51. Nc8+ Ke8 52. Nb6
Ke7 53. Bd5 Bg4 54. Nc8+ Kf8 55. Bf3 f5 56. Nd6 Bh3 57. Kd8 e4 58. Bh1 e3 59.
c7 f4 60. Bf3 Kg7 61. Nc4 {Source: Bill Jordan. Contributed by Paul Summers,
23 December 2022} 1-0

[Event "Lloyds Bank Masters 05th"]
[Site "London"]
[Date "1981.09.02"]
[Round "9"]
[White "Smyslov, Vassily V"]
[Black "Barua, Dibyendu"]
[Result "1/2-1/2"]
[WhiteElo "2580"]
[BlackElo "2350"]
[PlyCount "65"]
[EventDate "1981.08.25"]
[EventType "swiss"]
[EventRounds "9"]
[EventCountry "ENG"]
[SourceTitle "BritBase"]
[Source "John Saunders"]
[SourceDate "2023.12.16"]
[SourceVersion "1"]
[SourceVersionDate "2023.12.16"]
[SourceQuality "1"]

1. d4 d5 2. Nf3 a6 3. g3 Nf6 4. Bg2 c5 5. dxc5 e6 6. Be3 Nbd7 7. c4 Bxc5 8.
Bxc5 Nxc5 9. cxd5 exd5 10. Nc3 O-O 11. O-O Re8 12. Rc1 Nce4 13. e3 Bg4 14. Qd4
Qd6 15. Nxe4 Nxe4 16. Rfd1 Rad8 17. Rc2 Qh6 18. Rdc1 Qh5 19. Ne1 Ng5 20. Rd2
Ne6 21. Qb6 Rd7 22. Nd3 d4 23. e4 Bf3 24. Rdc2 Bxg2 25. Rc8 Rdd8 26. Rxd8 Nxd8
27. Kxg2 Qe2 28. Qxd4 Nc6 29. Qd5 h6 30. Re1 Qd2 31. Re3 Rd8 32. Qc4 Na5 33.
Qc7 1/2-1/2